Statistisches Jahrbuch Nordrhein-Westfalen 2007 49. Jahrgang

Salvato in:
Dettagli Bibliografici
Natura: Libro
Lingua:tedesco
Pubblicazione: Düsseldorf Landesamt für Datenverarbeitung und Statistik Nordrhein-Westfalen 2007
Soggetti:
Tags: Aggiungi Tag
Nessun Tag, puoi essere il primo ad aggiungerne!!

MARC

LEADER 00000nam$a2200000$$$4500
001 0071214
005 20250728074741.1
020 |a 978-3-939943-05-1 
020 |a 3-939943-05-3 
041 0 |a ger 
044 |a DE 
245 1 0 |a Statistisches Jahrbuch Nordrhein-Westfalen 2007  |b 49. Jahrgang 
264 1 |a Düsseldorf  |b Landesamt für Datenverarbeitung und Statistik Nordrhein-Westfalen  |c 2007 
300 |a 804 s. 
610 2 0 |a Nordrhein-Westfalen 
610 2 0 |a 2007